000 00893cam a2200253 i 4500
003 SA-RiAUC
005 20250518083813.0
008 250513s1983 le g b 000 0 ara c
040 _aSA-RiAUC
_bara
_cSA-RiAUC
_erda
082 0 4 _a259
_qSA-RiAUC
090 _a259
_b ج م ا
100 1 _aجمال، أحمد محمد صالح،
_d1343-1413 هجري
_eمؤلف.
245 1 0 _aيسألونك /
_cأحمد محمد جمال.
250 _aالطبعة الأولى.
264 1 _aبيروت :
_bدار الكتاب العربي،
_c1983
300 _a397 صفحة ؛
_c24 سم
336 _aنص
_btxt
_2rdacontent
_3كتاب
337 _aبدون وسيط
_bn
_2rdamedia
338 _aمجلد
_bnc
_2rdacarrier
504 _aببليوجرافية : صفحة 389.
650 7 _aالفقه الإسلامي
_2aucsh
942 _2ddc
_cBOOK
_n0
949 _aSA-JeALM
_d250513
_umohamedma123
_n1
999 _c8000
_d8000